General Geography Knowledge #1 - Statistics

General Stats
  • This quiz has been taken 43 times
  • The average score is 7 of 10
Answer Stats
Geography General Knowledge Question Answer % Correct
What is the tallest mountain in the world? Mt. Everest
98%
Which country is “Equatorial” but not actually on the Equator? Equatorial Guinea
95%
What is Czechia’s longer name? Czech Republic
90%
Which country is bordering to the south of North Korea? South Korea
85%
What “sea” is east of Azerbaijan? Caspian Sea
78%
What is Guyana’s capital city? Georgetown
58%
Which sea is to the left of the U.K.? North Sea
58%
What is the happiest country in the world according to the U.N.? Finland
53%
What is the oldest continually inhabited world capital in the world? Damascus
43%
What is the capital city of Niger? Niamey
40%
No matching quizzes found
Score Distribution
Percent of People with Each Score
Percentile by Number Answered
Your Score History
You have not taken this quiz